| 000 | 00423nam a2200181Ia 4500 | ||
|---|---|---|---|
| 001 | 17685 | ||
| 005 | 20260306171535.0 | ||
| 008 | 260306s9999||||xx |||||||||||||| ||und|| | ||
| 041 | _aESP | ||
| 082 |
_a658.15 _bD98 |
||
| 100 |
_aDurbán Oliva, Salvador _eAUT |
||
| 245 | 0 | _aFinanzas corporativas | |
| 260 | _c2011 | ||
| 300 |
_a500 páginas : _c24 cm. |
||
| 650 | _aGEN | ||
| 654 | _aCAN | ||
| 942 |
_cLIB _dJUS _fJUS _2ddc _n |
||
| 999 |
_c17685 _d17685 |
||